Rubber wood resource in Ghana and the perspective of its development (Record no. 68148)
[ view plain ]
| 000 -LEADER | |
|---|---|
| fixed length control field | 00374nam a2200145Ia 4500 |
| 100 ## - MAIN ENTRY--AUTHOR NAME | |
| Personal name | Addae-Mensah A G |
| 245 #0 - TITLE STATEMENT | |
| Title | Rubber wood resource in Ghana and the perspective of its development |
| 260 ## - PUBLICATION, DISTRIBUTION, ETC. (IMPRINT) | |
| Name of publisher | Wood News |
| Year of publication | 1991 |
| 300 ## - PHYSICAL DESCRIPTION | |
| Number of Pages | 25-26 |
| 650 ## - SUBJECT ADDED ENTRY--TOPICAL TERM | |
| Topical Term | Ghana |
| 650 ## - SUBJECT ADDED ENTRY--TOPICAL TERM | |
| Topical Term | Rubber wood |
| 700 ## - ADDED ENTRY--PERSONAL NAME | |
| Personal name | Eastin I |
| 942 ## - ADDED ENTRY ELEMENTS (KOHA) | |
| Koha item type | Journals |
| Withdrawn status | Lost status | Damaged status | Not for loan | Home library | Current library | Shelving location | Date acquired | Serial Enumeration / chronology | Koha item type |
|---|---|---|---|---|---|---|---|---|---|
| Journals | RRII Library | RRII Library | Rubber general | 17/12/2021 | Volume 1, Issue 2 | Journals |